00459 2200181 4500001002100000008004100021035002000062245004600082250001000128260003000138300002000168020001500188084001600203082001000219650002600229990001100255990001100266INLIS000000000001098 Ind  a0010-0722000647 aMenjadi Guru ProfesionalcMoh. Uzer Usman aCet.7 aBandungbRosdakaryac1996 a154c16 x 24 cm a9795140035 a370.7 MOH m a370.7 aPengajaran Pendidikan aDI.483 aDI.355